00592nam a22001457a 4500003000400000005001700004008004100021040001400062100004200076245015300118260001000271300002800281500011000309504002700419OSt20171010095439.0120607t xxu||||| |||| 00| 0 eng d aMMSUcULS aMeude, Myla B., Alonzo, Nathaniel L.  aA Web-based management information system for the alumni relations office of the Mariano Marcos State UniversitycMyla B. Meude, Nathaniel L. Alonzo c2007  ax, 108 leaves c28 cm.  aThesis (BS Computer Science) -- Mariano Marcos State University-College of Arts and Sciences, Batac City  aBibliography: leaf 53